| 000 | 00830nam a2200181 a 4500 | ||
|---|---|---|---|
| 001 | 45664 | ||
| 005 | 20180714024939.0 | ||
| 008 | 140415s1971 mx 000 0 spa d | ||
| 041 | _aspa | ||
| 082 |
_a658.0973 _bHIS |
||
| 245 | 0 | 0 | _aHISTORIA DE LA ADMINISTRACION DE EMPRESAS EN LOS ESTADOS UNIDOS |
| 250 | _a1a ed. | ||
| 260 |
_aMEXICO : _bDIANA, _c1971 |
||
| 300 |
_a263 _c14 x 2.5 x 21.3 |
||
| 520 | _aREUNE EN UN TODO CONGRUENTE Y ARMÓNICO MUCHOS SELECTOS TRABAJOS SOBRE LA ESPECIALIDAD EN ESTA DESTACADA PROFESIÓN QUE CADA DÍA COBRA MAYOR IMPORTANCIA. CONJUNTA TEMAS DE GRAN TRASCENDENCIA Y EXPONE BASES EN LAS QUE SE APOYA EL PENSAMIENTO ACERCA DE LAS EMPRESAS Y SU ADMINISTRACIÓN EN LOS EE.UU. | ||
| 650 | 1 | 4 |
_aADMINISTRACION _xHISTORIA _xESTADOS UNIDOS |
| 700 | 1 |
_aBAUGHMAN, JAMES P. (Recop.) _ecoaut. |
|
| 999 |
_c45664 _d45664 |
||